Margaret Atwood Novels Quiz Stats

 Plays Quiz Updated Apr 3, 2020

     
Support Sporcle.
Go Orange.
Score 0/17 Timer 04:00
4 Plays Today
Published Title % Correct
1985The Handmaid's Tale
93.9%
2003Oryx and Crake
64.2%
2000The Blind Assassin
59.9%
2019The Testaments
59.2%
1988Cat's Eye
55.7%
1996Alias Grace
50.5%
1969The Edible Woman
43.1%
2009Year of the Flood
40.5%
1993The Robber Bride
40.1%
Published Title % Correct
1972Surfacing
38.2%
2016Hag-Seed
36.5%
2015The Heart Goes Last
31.8%
2005The Penelopiad
31.2%
2013Maddaddam
29.6%
1976Lady Oracle
25.6%
1979Life Before Man
22.7%
1981Bodily Harm
21%

From the Vault

Ferrell Not Carrey

by BigRed78

Movies 3m
Sometimes things get confusing. Imagine if they started playing each other.
Remove Ads.
Support Sporcle.
Get the best of Sporcle when you Go Orange. This ad-free experience offers more features, more stats, and more fun while also helping to support Sporcle. Thank you for becoming a member.

Show Comments

Extras

Top Quizzes Today


Score Distribution

Your Account Isn't Verified!

In order to create a playlist on Sporcle, you need to verify the email address you used during registration. Go to your Sporcle Settings to finish the process.

Report this User

Report this user for behavior that violates our Community Guidelines.

Details: